000 00906nam a2200253Ia 4500
003 OSt
005 20220923211212.0
006 a|||||r|||| 00| 0
007 ta
008 Pun
020 _a9788123770307 (hbk)
_c175
024 _a284,531
037 _b934, 23/03/2015, H.K. Prakashan
_cTextual
040 _aARTS
_cARTS
_bPun
041 _2Pun
_aPun
082 _aV243:51, 153Q4
100 _aਅੱਚਰਵਾਲ, ਜਰਨੈਲ ਸਿੰਘ
_9159540
245 0 _aਭਾਰਤ ਦੀ ਆਗ਼ਾਦੀ ਵਿੱਚ ਪੰਜਾਬ ਦਾ ਹਿੱਸਾ
260 _aਦਿੱਲੀ
_b ਨੈFਨਲ ਬੁਕ ਟਰੱਸਟ
_c2014
300 _a207ਪੰ
_ccm.
650 _aਭਾਰਤੀਯ ਇਤਿਹਾਸ
_9156367
942 _hV243:51, 153Q4
_cTEXL
_2CC
999 _c296758
_d296758